<?xml version="1.0" encoding="UTF-8"?>
<record
    xmlns:xsi="http://www.w3.org/2001/XMLSchema-instance"
    xsi:schemaLocation="http://www.loc.gov/MARC21/slim http://www.loc.gov/standards/marcxml/schema/MARC21slim.xsd"
    xmlns="http://www.loc.gov/MARC21/slim">

  <leader>01150nam a2200253 i 4500</leader>
  <controlfield tag="001">170858</controlfield>
  <controlfield tag="003">ES-MaACL</controlfield>
  <controlfield tag="005">20250826022449.0</controlfield>
  <controlfield tag="008">090413s1956    sp           |||| |bspa d</controlfield>
  <datafield tag="100" ind1="1" ind2=" ">
    <subfield code="a">S&#xE1;ntha, Gy&#xF6;rgy.</subfield>
    <subfield code="9">103367</subfield>
  </datafield>
  <datafield tag="245" ind1="1" ind2="0">
    <subfield code="a">San Jos&#xE9; de Calasanz </subfield>
    <subfield code="b">: su obra, escritos / </subfield>
    <subfield code="c">estudio pedag&#xF3;gico y selecci&#xF3;n de escritos por Gy&#xF6;rgy S&#xE1;ntha ; versi&#xF3;n del estudio pedag&#xF3;gico, sobre el original in&#xE9;dito por C&#xE9;sar Aguilera ; versi&#xF3;n de la selecci&#xF3;n de escritos por una comisi&#xF3;n dirigida por Juli&#xE1;n Centelles.</subfield>
  </datafield>
  <datafield tag="260" ind1=" " ind2=" ">
    <subfield code="a">Madrid : </subfield>
    <subfield code="b">La Editorial Cat&#xF3;lica, </subfield>
    <subfield code="c">1956.</subfield>
  </datafield>
  <datafield tag="300" ind1=" " ind2=" ">
    <subfield code="a">LI, 827 p. ; </subfield>
    <subfield code="c">20 cm.</subfield>
  </datafield>
  <datafield tag="490" ind1="1" ind2=" ">
    <subfield code="a">Biblioteca de autores cristianos ; </subfield>
    <subfield code="v">159</subfield>
  </datafield>
  <datafield tag="500" ind1=" " ind2=" ">
    <subfield code="a">&#xCD;ndices y ap&#xE9;ndice documental con cartas y escritos pedag&#xF3;gicos de San Jos&#xE9; de Calasanz.</subfield>
  </datafield>
  <datafield tag="600" ind1="0" ind2="4">
    <subfield code="a">Jos&#xE9; de Calasanz,</subfield>
    <subfield code="c">Santo,</subfield>
    <subfield code="d">1557-1648</subfield>
    <subfield code="9">139773</subfield>
  </datafield>
  <datafield tag="610" ind1="2" ind2="4">
    <subfield code="a">Escolapios</subfield>
    <subfield code="9">3513</subfield>
  </datafield>
  <datafield tag="700" ind1="1" ind2=" ">
    <subfield code="a">Aguilera, C&#xE9;sar.</subfield>
    <subfield code="9">18757</subfield>
  </datafield>
  <datafield tag="700" ind1="1" ind2=" ">
    <subfield code="a">Centelles, Juli&#xE1;n.</subfield>
    <subfield code="9">139772</subfield>
  </datafield>
  <datafield tag="700" ind1="0" ind2=" ">
    <subfield code="a">Jos&#xE9; de Calasanz,</subfield>
    <subfield code="c">Santo,</subfield>
    <subfield code="d">1557-1648</subfield>
    <subfield code="9">139773</subfield>
  </datafield>
  <datafield tag="830" ind1="0" ind2="0">
    <subfield code="a">Biblioteca de autores cristianos</subfield>
    <subfield code="v">159</subfield>
    <subfield code="9">178679</subfield>
  </datafield>
  <datafield tag="852" ind1=" " ind2=" ">
    <subfield code="a">ES-MaACL</subfield>
    <subfield code="j">J-157</subfield>
  </datafield>
  <datafield tag="999" ind1=" " ind2=" ">
    <subfield code="c">170858</subfield>
    <subfield code="d">170858</subfield>
  </datafield>
  <datafield tag="952" ind1=" " ind2=" ">
    <subfield code="0">0</subfield>
    <subfield code="1">0</subfield>
    <subfield code="4">0</subfield>
    <subfield code="7">0</subfield>
    <subfield code="a">ATENEOM</subfield>
    <subfield code="b">ATENEOM</subfield>
    <subfield code="c">DEPO2</subfield>
    <subfield code="d">2009-04-13</subfield>
    <subfield code="e">COM</subfield>
    <subfield code="l">0</subfield>
    <subfield code="o">J-157</subfield>
    <subfield code="p">1179314</subfield>
    <subfield code="r">2023-02-23 00:00:00</subfield>
    <subfield code="w">2023-02-23</subfield>
    <subfield code="y">MONOGRAFIA</subfield>
  </datafield>
</record>
